<?xml version="1.0" encoding="UTF-8"?>
<record
    xmlns:xsi="http://www.w3.org/2001/XMLSchema-instance"
    xsi:schemaLocation="http://www.loc.gov/MARC21/slim http://www.loc.gov/standards/marcxml/schema/MARC21slim.xsd"
    xmlns="http://www.loc.gov/MARC21/slim">

  <leader>01082cam a2200289 i 4500</leader>
  <controlfield tag="001">469</controlfield>
  <controlfield tag="005">20251204162943.0</controlfield>
  <datafield tag="020" ind1=" " ind2=" ">
    <subfield code="a">9784871876964</subfield>
  </datafield>
  <datafield tag="020" ind1=" " ind2=" ">
    <subfield code="a">9780394800028</subfield>
  </datafield>
  <datafield tag="020" ind1=" " ind2=" ">
    <subfield code="a">4871876969</subfield>
  </datafield>
  <datafield tag="040" ind1=" " ind2=" ">
    <subfield code="a">EYP</subfield>
    <subfield code="b">eng</subfield>
    <subfield code="c">EYP</subfield>
    <subfield code="d">OCLCO</subfield>
    <subfield code="d">DLC</subfield>
    <subfield code="e">rda</subfield>
    <subfield code="d">DLC</subfield>
  </datafield>
  <datafield tag="050" ind1="0" ind2="0">
    <subfield code="a">PZ8.3.G276</subfield>
    <subfield code="b">Catv 1986</subfield>
  </datafield>
  <datafield tag="082" ind1=" " ind2=" ">
    <subfield code="a">813.54</subfield>
  </datafield>
  <datafield tag="100" ind1="1" ind2=" ">
    <subfield code="a">Geisel, Theodor Seuss</subfield>
    <subfield code="c">Dr.,</subfield>
    <subfield code="e">author,</subfield>
    <subfield code="e">illustrator.</subfield>
  </datafield>
  <datafield tag="245" ind1="1" ind2="4">
    <subfield code="a">The Cat in the Hat comes back! /</subfield>
    <subfield code="c">by Dr. Seuss.</subfield>
  </datafield>
  <datafield tag="260" ind1=" " ind2=" ">
    <subfield code="b">Random House</subfield>
  </datafield>
  <datafield tag="300" ind1=" " ind2=" ">
    <subfield code="a">61 pages :</subfield>
    <subfield code="b">color illustrations ;</subfield>
    <subfield code="c">23 cm</subfield>
  </datafield>
  <datafield tag="505" ind1=" " ind2=" ">
    <subfield code="a">F</subfield>
  </datafield>
  <datafield tag="520" ind1=" " ind2=" ">
    <subfield code="a">The Cat in the Hat returns for more out-of-control fun. It's a snowy day and Dick and Sally are stuck shoveling until the Cat in the Hat arrives to liven things up. Featuring the Cat's helpers Little Cat A, Little Cat B, and so on, and ending with a gigantic Voom.</subfield>
  </datafield>
  <datafield tag="521" ind1=" " ind2=" ">
    <subfield code="a">450 
</subfield>
    <subfield code="b">Lexile</subfield>
  </datafield>
  <datafield tag="521" ind1=" " ind2=" ">
    <subfield code="a">F 
</subfield>
    <subfield code="b">Raz-Plus</subfield>
  </datafield>
  <datafield tag="650" ind1=" " ind2="0">
    <subfield code="a">Cats</subfield>
    <subfield code="v">Juvenile fiction.</subfield>
  </datafield>
  <datafield tag="650" ind1=" " ind2="0">
    <subfield code="a">Alphabet books</subfield>
    <subfield code="v">Juvenile fiction.</subfield>
  </datafield>
  <datafield tag="650" ind1=" " ind2="0">
    <subfield code="a">Stories in rhyme.</subfield>
  </datafield>
  <datafield tag="906" ind1=" " ind2=" ">
    <subfield code="a">7</subfield>
    <subfield code="b">cbc</subfield>
    <subfield code="c">copycat</subfield>
    <subfield code="d">2</subfield>
    <subfield code="e">ncip</subfield>
    <subfield code="f">20</subfield>
    <subfield code="g">y-gencatlg</subfield>
  </datafield>
  <datafield tag="942" ind1=" " ind2=" ">
    <subfield code="2">ddc</subfield>
    <subfield code="c">BK</subfield>
    <subfield code="n">0</subfield>
  </datafield>
  <datafield tag="999" ind1=" " ind2=" ">
    <subfield code="c">469</subfield>
    <subfield code="d">469</subfield>
  </datafield>
  <datafield tag="952" ind1=" " ind2=" ">
    <subfield code="0">0</subfield>
    <subfield code="1">0</subfield>
    <subfield code="2">ddc</subfield>
    <subfield code="4">1</subfield>
    <subfield code="7">0</subfield>
    <subfield code="8">JUVF</subfield>
    <subfield code="a">001</subfield>
    <subfield code="b">001</subfield>
    <subfield code="c">TK Green 7-57-60</subfield>
    <subfield code="d">2023-04-25</subfield>
    <subfield code="l">9</subfield>
    <subfield code="o">GEI 813.54 PZ8.G276</subfield>
    <subfield code="p">FISTK00825</subfield>
    <subfield code="r">2026-02-25 10:51:45</subfield>
    <subfield code="s">2026-02-11</subfield>
    <subfield code="t">1</subfield>
    <subfield code="w">2023-04-25</subfield>
    <subfield code="y">BK</subfield>
  </datafield>
  <datafield tag="952" ind1=" " ind2=" ">
    <subfield code="0">0</subfield>
    <subfield code="1">0</subfield>
    <subfield code="2">ddc</subfield>
    <subfield code="4">0</subfield>
    <subfield code="7">0</subfield>
    <subfield code="8">JUVF</subfield>
    <subfield code="a">002</subfield>
    <subfield code="b">002</subfield>
    <subfield code="c">TTP Dark Green</subfield>
    <subfield code="d">2025-12-04</subfield>
    <subfield code="l">2</subfield>
    <subfield code="o">GEI 813.54 PZ8.G276</subfield>
    <subfield code="p">FIS03039</subfield>
    <subfield code="r">2026-03-13 13:12:26</subfield>
    <subfield code="s">2026-02-27</subfield>
    <subfield code="t">2</subfield>
    <subfield code="w">2025-12-04</subfield>
    <subfield code="y">BK</subfield>
  </datafield>
</record>
